| 000 | 00782nam a22002177a 4500 | ||
|---|---|---|---|
| 999 |
_c1354 _d1354 |
||
| 003 | CoMeUDC | ||
| 005 | 20210608162404.0 | ||
| 008 | 210608b ||||| |||| 00| 0 eng d | ||
| 020 | _a9789584631183 | ||
| 040 | _cCo-UdeCO | ||
| 082 |
_a348.4 _bO 16 |
||
| 100 |
_91657 _aOchoa Cadavid, Luis Carlos |
||
| 245 |
_aDerecho agrario para notarios / _cLuis Carlos Ochoa Cadavid; Andrea Caterine Mora Silva; Milena Gómez Pineda; prólogo, Oscar Dario Amaya Navas. |
||
| 260 |
_aBogotá : _bUnión Colegiada del Notariado Colombiano, _c2018. |
||
| 300 |
_a169 p. : _c23 cm. |
||
| 504 | _aContiene bibliografía | ||
| 700 |
_91658 _aMora Silva, Andrea Caterine |
||
| 700 |
_91659 _aGómez Pineda, Milena |
||
| 700 |
_91660 _aAmaya Navas, Oscar Dario _eProloguista |
||
| 942 |
_2ddc _cBK |
||